Anh hùng ca Iliade

Đây là quyển đầu tiên trong bộ sách 'Anh hùng ca Iliade" gồm hai nhan. Đây là tác phẩm nổi tiếng trong kho tàng văn học cổ Hy Lạp. Tập hai giới thiệu các khúc ca từ Khúc ca 01 đến Khúc ca 12 của toàn bộ tác phẩm....

全面介紹

Đã lưu trong:
書目詳細資料
主要作者: Homère
格式: 圖書
語言:Undetermined
出版: Hà Nội Văn Học 1997
主題:
標簽: 添加標簽
沒有標簽, 成為第一個標記此記錄!
Thư viện lưu trữ: Trung tâm Học liệu Trường Đại học Cần Thơ
LEADER 00982nam a2200205Ia 4500
001 CTU_35886
008 210402s9999 xx 000 0 und d
020 |c 64000 
082 |a 883.18 
082 |b H766/T.1 
100 |a Homère 
245 0 |a Anh hùng ca Iliade 
245 0 |c Homère; dịch, chú thích và giới thiệu toàn văn Hoàng Hữu Đản 
260 |a Hà Nội 
260 |b Văn Học 
260 |c 1997 
520 |a Đây là quyển đầu tiên trong bộ sách 'Anh hùng ca Iliade" gồm hai nhan. Đây là tác phẩm nổi tiếng trong kho tàng văn học cổ Hy Lạp. Tập hai giới thiệu các khúc ca từ Khúc ca 01 đến Khúc ca 12 của toàn bộ tác phẩm. 
650 |a Greek literature,Greek poetry (Vietnamese),Văn học Hy Lạp,Thơ Hy Lạp (Tiếng Việt) 
904 |i Trọng Hiếu 
980 |a Trung tâm Học liệu Trường Đại học Cần Thơ